[Event "Las Condes zt 2.5"]
[Site "Las Condes"]
[Date "2005.11.08"]
[Round "3"]
[White "Avalos Parra, Joao"]
[Black "Sepulveda Rojas, Jorge Moises"]
[Result "0-1"]
[WhiteElo "2268"]
[BlackElo "2241"]
[PlyCount "114"]
[EventDate "2005.11.07"]
[EventType "swiss"]
[EventRounds "9"]
[EventCountry "CHI"]
[SourceTitle "EXT 2006"]
[Source "ChessBase"]
[SourceDate "2005.11.24"]
[SourceVersion "1"]
[SourceVersionDate "2005.11.24"]
[SourceQuality "1"]

1. d4 Nf6 2. Bg5 d5 3. Bxf6 exf6 4. e3 Be6 5. Nd2 c6 6. g3 Nd7 7. Bg2 Qb6 8. Qc1 Be7 9. Ne2 Qb5 10. b3 0-0 11. c4 Qa6 12. Qc3 Rfe8 13. 0-0 dxc4 14. bxc4 Nb6 15. Rfc1 Ba3 16. Rc2 c5 17. Bxb7 Qxb7 18. Qxa3 cxd4 19. Nxd4 Bh3 20. f3 Rad8 21. c5 Nd5 22. c6 Qb6 23. Nc4 Qc7 24. Rd1 h5 25. Kf2 h4 26. Qc5 Ne7 27. Nd2 Rd5 28. Qc4 Red8 29. Rb1 Nf5 30. Ne4 Nxd4 31. exd4 Rxd4 32. Qc3 Bc8 33. Rd2 Rxd2+ 34. Nxd2 Rd6 35. Rc1 hxg3+ 36. hxg3 Bd7 37. cxd7 Qxc3 38. Rxc3 Rxd2+ 39. Ke3 Rxd7 40. Ra3 g6 41. Ra6 Kg7 42. Kf4 Re7 43. Kg4 f5+ 44. Kg5 Re5 45. Kf4 Re7 46. Kg5 Rb7 47. Rc6 Rb6 48. Rc3 Ra6 49. a3 Ra4 50. f4 Rd4 51. Kh4 Rd2 52. Kh3 Ra2 53. Rb3 a5 54. g4 a4 55. Rg3 fxg4+ 56. Kxg4 f5+ 57. Kh3 Rf2 0-1

[Event "Mayor de Chile op"]
[Site "Santiago de Chile"]
[Date "2005.02.24"]
[Round "11"]
[White "Sepulveda Rojas, Jorge Moises"]
[Black "Arancibia Guzman, Eduardo"]
[Result "0-1"]
[WhiteElo "2270"]
[BlackElo "2364"]
[PlyCount "84"]
[EventDate "2005.02.14"]
[EventType "swiss"]
[EventRounds "11"]
[EventCountry "CHI"]
[SourceTitle "EXT 2006"]
[Source "ChessBase"]
[SourceDate "2005.11.24"]
[SourceVersion "1"]
[SourceVersionDate "2005.11.24"]
[SourceQuality "1"]

1. e4 c5 2. Nf3 e6 3. d4 cxd4 4. Nxd4 a6 5. Nc3 Qc7 6. Bd3 Nf6 7. 0-0 Bd6 8. h3 Nc6 9. Be3 Nxd4 10. Bxd4 Bc5 11. Bxc5 Qxc5 12. Na4 Qc6 13. c4 d6 14. Rc1 b6 15. Bc2 0-0 16. Qd4 Rb8 17. b4 e5 18. Qd3 Be6 19. Nb2 a5 20. a3 axb4 21. axb4 Rfc8 22. Bb1 g6 23. Qf3 Kg7 24. Bd3 Nh5 25. Rfe1 f5 26. b5 Qb7 27. Qd1 Nf4 28. Bf1 fxe4 29. Qxd6 Kf6 30. g3 Rd8 31. Qc6 Nd3 32. Nxd3 exd3 33. Rxe5 Qxc6 34. bxc6 Kxe5 35. c7 d2 36. Rd1 Rbc8 37. cxd8Q Rxd8 38. f3 Bf5 39. Kf2 Bc2 40. Ke2 Bxd1+ 41. Kxd1 g5 42. Be2 h5 0-1

[Event "Mayor de Chile op"]
[Site "Santiago de Chile"]
[Date "2005.02.23"]
[Round "10"]
[White "Poupar, Aime"]
[Black "Sepulveda Rojas, Jorge Moises"]
[Result "0-1"]
[WhiteElo "2073"]
[BlackElo "2270"]
[PlyCount "98"]
[EventDate "2005.02.14"]
[EventType "swiss"]
[EventRounds "11"]
[EventCountry "CHI"]
[SourceTitle "EXT 2006"]
[Source "ChessBase"]
[SourceDate "2005.11.24"]
[SourceVersion "1"]
[SourceVersionDate "2005.11.24"]
[SourceQuality "1"]

1. d4 Nf6 2. c4 c5 3. d5 e6 4. Nc3 exd5 5. cxd5 d6 6. e4 g6 7. Bd3 Bg7 8. Nf3 0-0 9. 0-0 Na6 10. h3 Nc7 11. a4 a6 12. Bf4 Rb8 13. a5 b5 14. axb6 Rxb6 15. Ra2 Bd7 16. Nd2 Nh5 17. Bh2 Qg5 18. Kh1 Nf4 19. Bxf4 Qxf4 20. Nc4 Rb4 21. Qc1 Qh4 22. Qe3 f5 23. Qg3 Qxg3 24. fxg3 fxe4 25. Nxe4 Bb5 26. Nexd6 Rxf1+ 27. Bxf1 Bf8 28. Nxb5 axb5 29. Nb6 Rd4 30. Be2 Rd2 31. Bf3 c4 32. Ra7 Bd6 33. Kh2 Rxb2 34. Nc8 Ne8 35. Rd7 Bf8 36. d6 c3 37. Bd5+ Kh8 38. Rd8 Nxd6 39. Rxf8+ Kg7 40. Rg8+ Kf6 41. Nxd6 Ke5 42. Nxb5 Rxb5 43. Rc8 Kd4 44. Bg8 Rb7 45. g4 Kd3 46. Rd8+ Ke2 47. Re8+ Kd2 48. Rd8+ Kc1 49. Bd5 Rb4 0-1